Online
Catalog

Fundamentos de la filosofía marxista / (Record no. 22468)

MARC details
000 -CABECERA
campo de control de longitud fija 00925nam a2200241 a 4500
001 - NÚMERO DE CONTROL
campo de control 000022971
005 - FECHA Y HORA DE LA ÚLTIMA TRANSACCIÓN
campo de control 20200930021914.0
008 - DATOS DE LONGITUD FIJA--INFORMACIÓN GENERAL
campo de control de longitud fija 101123s1965 mx r 001 0 spa d
040 ## - FUENTE DE LA CATALOGACIÓN
Centro catalogador/agencia de origen DO-SdBNP
Lengua de catalogación spa
Centro/agencia transcriptor BNPHU
082 ## - NÚMERO DE LA CLASIFICACIÓN DECIMAL DEWEY
Número de clasificación 100
Número de documento/Ítem K826f
049 ## - FONDOS LOCALES (OCLC)
Fondos de biblioteca BNGR
100 1# - ENTRADA PRINCIPAL--NOMBRE DE PERSONA
Nombre de persona Konstantinov, F. V..
9 (RLIN) 47152
245 10 - MENCIÓN DE TÍTULO
Título Fundamentos de la filosofía marxista /
Mención de responsabilidad, etc. Academia de Ciencias de la U.R.S.S. ; redacción general de F. V. Konstantinov ; [traducción directa del ruso por Adolfo Sánchez Vásquez y Wenceslao Roces].
250 ## - MENCIÓN DE EDICIÓN
Mención de edición 2a ed.
260 ## - PUBLICACIÓN, DISTRIBUCIÓN, ETC.
Lugar de publicación, distribución, etc. México :
Nombre del editor, distribuidor, etc. Grijalbo,
Fecha de publicación, distribución, etc. 1965.
300 ## - DESCRIPCIÓN FÍSICA
Extensión viii, 696 p. ;
Dimensiones 21 cm.
500 ## - NOTA GENERAL
Nota general Incluye índice de nombres.
504 ## - NOTA DE BIBLIOGRAFÍA, ETC.
Nota de bibliografía, etc. Incluye referencias bibliográficas y notas al pie de las páginas.
650 #4 - PUNTO DE ACCESO ADICIONAL DE MATERIA--TÉRMINO DE MATERIA
Término de materia o nombre geográfico como elemento de entrada Filosofía marxista
9 (RLIN) 846
700 1# - PUNTO DE ACCESO ADICIONAL--NOMBRE DE PERSONA
Nombre de persona Konstantinov, F. V.,
9 (RLIN) 47152
700 1# - PUNTO DE ACCESO ADICIONAL--NOMBRE DE PERSONA
Nombre de persona Sánchez Vásquez, Adolfo,
Término indicativo de función/relación tr.
9 (RLIN) 47153
700 1# - PUNTO DE ACCESO ADICIONAL--NOMBRE DE PERSONA
Nombre de persona Roces, Wenceslao,
Término indicativo de función/relación tr.
9 (RLIN) 31367
Holdings
Estado de retiro Estado de pérdida Restricciones de uso No para préstamo Código de colección Localización permanente Ubicación/localización actual Ubicación en estantería Fecha de adquisición Número de inventario Total de préstamos Signatura topográfica completa Código de barras Fecha visto por última vez Precio válido a partir de Tipo de ítem Koha
        Monografías: Libros y Folletos General General En catalogación 23.11.2010 LF1   100 K826f 22971-10 25.06.2020 25.06.2020 Préstamo en sala

Powered by Koha